| 000 | 01229cam a22002895a 4500 | ||
|---|---|---|---|
| 001 | 11850180 | ||
| 005 | 20171109143722.0 | ||
| 008 | 130621t1977 nyuab fr 001 0 eng d | ||
| 020 | _a0486607550 | ||
| 020 | _a9780486607559 | ||
| 035 | _a(KnovelOCoLC)ocn849744639 | ||
| 040 |
_aKNOVL _beng _cKNOVL _dZCU _dKNOVL _dEG-ScBUE |
||
| 082 | 0 | 4 |
_a620.11 _bHAR _222 |
| 100 | 1 |
_aDen Hartog, J. P. _q(Jacob Pieter), _d1901-1989. |
|
| 245 | 1 | 0 |
_aStrength of materials / _cby J. P. Den Hartog. |
| 260 |
_aNew York : _bDover Publications, _cc.1977. |
||
| 300 |
_aviii, 323 p. : _bill. ; _c24 cm. |
||
| 500 | _a"This Dover edition, first published in 1961, is an unabridged and unaltered republication of the first edition published by McGraw-Hill ... in 1949"--T. p. verso. | ||
| 500 | _aSequel to Mechanics. | ||
| 500 | _aIncludes index. | ||
| 505 | 0 | _aTension -- Torsion -- Bending -- Compund stresses -- Deflections of beams -- Special beam problems -- Cylinders and curved bars -- The energy method -- Buckling -- Experimental elasticity. | |
| 650 | 7 |
_aStrength of materials. _2BUEsh |
|
| 651 | _2BUEsh | ||
| 653 |
_bENGGEN _cNovember2017 |
||
| 856 | 4 | 0 |
_yOnline book _uhttp://app.knovel.com/web/toc.v/cid:kpSM000012 |
| 942 | _2ddc | ||
| 999 |
_c25552 _d25524 |
||